Changing perceptions, altered reality : (Record no. 330278)

000 -LEADER
fixed length control field 01125cam a22003014a 4500
001 - CONTROL NUMBER
control field 15197212
003 - CONTROL NUMBER IDENTIFIER
control field NUST
005 - DATE AND TIME OF LATEST TRANSACTION
control field 20180117090027.0
008 - FIXED-LENGTH DATA ELEMENTS--GENERAL INFORMATION
fixed length control field 080228s2007 pk b 001 0 eng
010 ## - LIBRARY OF CONGRESS CONTROL NUMBER
LC control number 2008328412
020 ## - INTERNATIONAL STANDARD BOOK NUMBER
International Standard Book Number 9780195475074
025 ## - OVERSEAS ACQUISITION NUMBER
Overseas acquisition number P-Si-2008328412
040 ## - CATALOGING SOURCE
Original cataloging agency DLC
Transcribing agency DLC
Modifying agency DLC
042 ## - AUTHENTICATION CODE
Authentication code lcode
043 ## - GEOGRAPHIC AREA CODE
Geographic area code a-pk---
050 00 - LIBRARY OF CONGRESS CALL NUMBER
Classification number HC440.5
Item number .B839 2007
082 00 - DEWEY DECIMAL CLASSIFICATION NUMBER
Classification number 330.95491/053
Edition number 22
100 1# - MAIN ENTRY--PERSONAL NAME
Personal name Burki, Shahid Javed.
9 (RLIN) 2782
245 10 - TITLE STATEMENT
Title Changing perceptions, altered reality :
Remainder of title Pakistan's economy under Musharraf, 1999-2006 /
Statement of responsibility, etc. Shahid Javed Burki.
260 ## - PUBLICATION, DISTRIBUTION, ETC.
Place of publication, distribution, etc. Karachi ;
-- New York :
Name of publisher, distributor, etc. Oxford University Press,
Date of publication, distribution, etc. 2007.
300 ## - PHYSICAL DESCRIPTION
Extent xviii, 373 p. ;
Dimensions 23 cm.
504 ## - BIBLIOGRAPHY, ETC. NOTE
Bibliography, etc. note Includes bibliographical references and index.
651 #0 - SUBJECT ADDED ENTRY--GEOGRAPHIC NAME
Geographic name Pakistan
General subdivision Economic conditions.
9 (RLIN) 2783
906 ## - LOCAL DATA ELEMENT F, LDF (RLIN)
a 7
b cbc
c origode
d 3
e ncip
f 20
g y-gencatlg
942 ## - ADDED ENTRY ELEMENTS (KOHA)
Source of classification or shelving scheme
Koha item type Book
Holdings
Withdrawn status Lost status Source of classification or shelving scheme Damaged status Not for loan Collection code Permanent Location Current Location Shelving location Date acquired Full call number Barcode Date last seen Price effective from Koha item type
            NUST Law School (NLS) NUST Law School (NLS) General Stacks 06/16/2017 330.95491/053 BUR S3H-D-300 06/16/2017 06/16/2017 Book
© 2023 Central Library, National University of Sciences and Technology. All Rights Reserved.